[Event "COL-ch Superate-A"]
[Site "Bogota"]
[Date "2012.12.08"]
[Round "4.3"]
[White "Montoya Jimenez, Ricardo"]
[Black "Chima, Luis Manuel"]
[Result "1-0"]
[WhiteElo "1434"]
[BlackElo "1986"]
[PlyCount "89"]
[EventDate "2012.12.07"]
[EventType "swiss"]
[EventRounds "7"]
[EventCountry "COL"]
[SourceTitle "EXT 2024"]
[Source "ChessBase"]
[SourceDate "2023.10.10"]
[SourceVersion "1"]
[SourceVersionDate "2023.10.10"]
[SourceQuality "1"]

1. e4 c5 2. c4 Nf6 3. d3 g6 4. f4 Bg7 5. Nf3 0-0 6. Be2 Nc6 7. 0-0 d6 8. Nc3 a6 9. Rb1 Bg4 10. Nd5 Nxd5 11. exd5 Nd4 12. Nxd4 Bxd4+ 13. Kh1 Bf5 14. Bg4 Qc8 15. h3 b5 16. b3 Rb8 17. Bd2 h5 18. Bxf5 Qxf5 19. Qe2 Rb7 20. Be3 Bxe3 21. Qxe3 Rfb8 22. Rb2 Qf6 23. Rbf2 e6 24. dxe6 fxe6 25. Qe4 Rb6 26. Rf3 Qf5 27. Qxf5 exf5 28. Rg3 Kf7 29. Re1 R6b7 30. Kg1 Re8 31. Rxe8 Kxe8 32. Rxg6 bxc4 33. dxc4 Rd7 34. Rf6 a5 35. Rxf5 Rh7 36. g4 hxg4 37. hxg4 Ke7 38. g5 Rh8 39. g6 Rg8 40. Rf7+ Ke6 41. f5+ Ke5 42. Kf2 Kd4 43. Kf3 Kc3 44. g7 Kb2 45. f6 1-0